Dick Tracy : the making of the movie

Bibliographic Details
Main Author: Bonifer, Dlike
Format: Book
Published: New York : Bantam Books , 1990
Subjects:

MARC

LEADER 00000cam a2200000 7i4500
001 0000005120
002 000005529
005 20091019.0
020 |a 0553349007 
090 0 0 |a 791.43   |b BON 
100 1 |a Bonifer, Dlike 
245 1 0 |a Dick Tracy :   |b the making of the movie   |c Mike Bonifer 
260 |a New York :   |b Bantam Books ,   |c 1990 
300 |a 107 p. :   |b ill. ;   |c 28 cm. 
650 0 0 |a Dick Tracy   |x Mation picture 
650 0 0 |a Motion pictures in industry 
999 |a 033967   |b BUKU   |c PINJAMAN   |e PERPUSTAKAAN KOMUNITI PETALING JAYA